| 000 | 00418nam a2200145Ia 4500 | ||
|---|---|---|---|
| 008 | 230917s9999||||xx |||||||||||||| ||und|| | ||
| 040 |
_e114880 _aMAIN |
||
| 041 | _aEnglish | ||
| 082 | _a320.072 M231R | ||
| 100 | _aMcNabb, David | ||
| 245 | 0 | _aResearch methods for political science: quantitative and quatitative methods | |
| 260 |
_aNew Delhi _bPrentice Hall of of India _c2005 |
||
| 300 | _a571p p. | ||
| 942 | _cBK | ||
| 999 |
_c138716 _d138716 |
||